Countries that Recognize Palestine on a Map - Statistics

General Stats
  • This quiz has been taken 890 times
    573 since last reset
  • The average score is 135 of 158
Answers on the Map
Answers color-coded by a green-red scale on the quiz's map according to % correct below.
 
Answer Stats
Date of Recognition Country % Correct
19 November 1988 Russia
97%
21 September 2025 United Kingdom
97%
20 November 1988 China
96%
1 December 2010 Brazil
95%
21 September 2025 Canada
95%
22 September 2025 France
95%
4 February 1989 Iran
95%
28 May 2024 Spain
95%
15 November 1988 Iraq
94%
15 November 1988 Turkey
94%
18 November 1988 Egypt
94%
18 November 1988 India
94%
28 May 2024 Ireland
94%
5 February 2025 Mexico
94%
16 November 1988 Saudi Arabia
94%
15 November 1988 Yemen
93%
28 May 2024 Norway
93%
30 October 2014 Sweden
93%
16 November 1988 Jordan
92%
13 December 1988 Oman
92%
21 September 2025 Portugal
92%
18 July 2011 Syria
92%
16 November 1988 United Arab Emirates
92%
6 December 2010 Argentina
91%
15 November 1988 Algeria
91%
15 November 1988 Libya
91%
16 November 1988 Indonesia
91%
16 November 1988 Pakistan
91%
16 November 1988 Qatar
91%
15 February 1995 South Africa
91%
19 November 1988 Ukraine
91%
16 November 1988 Afghanistan
90%
15 November 1988 Morocco
90%
15 November 1988 Tunisia
90%
7 January 2011 Chile
90%
16 November 1988 Cuba
90%
6 April 1992 Kazakhstan
90%
22 November 1988 Mongolia
90%
24 November 1988 North Korea
90%
17 November 1988 Sudan
90%
21 September 2025 Australia
89%
15 November 1988 Somalia
89%
10 December 1988 Democratic Republic of the Congo
89%
24 December 2010 Ecuador
89%
16 November 1988 Madagascar
89%
19 December 1988 Nepal
89%
24 November 1988 Niger
89%
25 March 2005 Paraguay
89%
24 January 2011 Peru
89%
18 January 2012 Thailand
89%
15 March 2011 Uruguay
89%
27 April 2009 Venezuela
89%
17 December 2010 Bolivia
88%
1 December 1988 Chad
88%
3 August 2018 Colombia
88%
4 February 1989 Ethiopia
88%
21 November 1988 Mali
88%
18 November 1988 Nigeria
88%
5 December 1988 Republic of the Congo
88%
9 July 2011 South Sudan
88%
19 November 1988 Vietnam
88%
15 April 1992 Azerbaijan
87%
16 November 1988 Bangladesh
87%
15 November 1988 Kuwait
87%
15 November 1988 Malaysia
87%
21 November 1988 Cambodia
87%
25 April 1992 Georgia
87%
2 December 1988 Laos
87%
14 December 1988 Poland
87%
17 April 1992 Turkmenistan
87%
21 June 2024 Armenia
86%
19 November 1988 Belarus
86%
25 December 1988 Bhutan
86%
15 November 1988 Mauritania
86%
14 July 2009 Dominican Republic
86%
9 April 2013 Guatemala
86%
13 January 2011 Guyana
86%
29 September 2013 Haiti
86%
12 May 1989 Kenya
86%
30 November 2008 Lebanon
86%
16 November 1988 Nicaragua
86%
4 October 1994 Papua New Guinea
86%
September 1989 Philippines
86%
1 February 2011 Suriname
86%
25 September 1994 Uzbekistan
86%
16 November 1988 Zambia
86%
15 November 1988 Bahrain
85%
9 September 2011 Belize
85%
27 May 1992 Bosnia and Herzegovina
85%
25 November 1988 Bulgaria
85%
5 February 2008 Costa Rica
85%
25 August 2011 El Salvador
85%
19 November 1988 Guinea
85%
26 August 2011 Honduras
85%
15 December 2011 Iceland
85%
22 April 2024 Jamaica
85%
8 December 1988 Mozambique
85%
19 November 1988 Namibia
85%
24 November 1988 Romania
85%
16 November 1988 Serbia
85%
18 November 1988 Slovakia
85%
6 September 1992 Tajikistan
85%
24 November 1988 Tanzania
85%
29 November 1988 Zimbabwe
85%
6 December 1988 Angola
84%
19 December 1988 Botswana
84%
23 December 1988 Central African Republic
84%
23 November 1988 Hungary
84%
12 September 1995 Kyrgyzstan
84%
6 June 2011 Lesotho
84%
2 January 1989 Rwanda
84%
22 November 1988 Senegal
84%
18 November 1988 Sri Lanka
84%
7 May 2024 Bahamas
83%
18 November 1988 Czechia
83%
1 July 1991 Eswatini
83%
29 November 1988 Ghana
83%
23 October 1998 Malawi
83%
28 November 1988 Maldives
83%
4 June 2024 Slovenia
83%
29 November 1988 Togo
83%
3 December 1988 Uganda
83%
17 November 1988 Albania
82%
12 May 1989 Benin
82%
18 November 1988 Cyprus
82%
1 December 2008 Ivory Coast
82%
19 July 2011 Liberia
82%
21 November 1988 Burkina Faso
81%
22 December 1988 Burundi
81%
21 November 1988 Comoros
81%
17 November 1988 Djibouti
81%
12 December 1988 Gabon
81%
21 November 1988 Guinea-Bissau
81%
24 November 1988 Cape Verde
80%
May 1989 Equatorial Guinea
80%
17 November 1988 Mauritius
80%
18 November 1988 Seychelles
80%
3 December 1988 Sierra Leone
80%
22 September 2025 Malta
79%
19 September 2011 Dominica
78%
10 December 1988 São Tomé and Príncipe
78%
2 May 2024 Trinidad and Tobago
78%
18 November 1988 Gambia
77%
24 July 2006 Montenegro
77%
29 July 2019 Saint Kitts and Nevis
77%
14 September 2015 Saint Lucia
76%
22 September 2025 Luxembourg
75%
23 September 2025 San Marino
75%
22 September 2011 Antigua and Barbuda
74%
19 April 2024 Barbados
74%
29 August 2011 Saint Vincent and the Grenadines
74%
February 2013 Vatican City
74%
22 September 2025 Andorra
73%
29 September 2013 Grenada
72%
17 November 1988 Brunei
69%
1 March 2004 East Timor
69%
22 September 2025 Monaco
67%
21 August 1989 Vanuatu
64%
No matching quizzes found
Score Distribution
Percent of People with Each Score
Percentile by Number Answered
Your Score History
You have not taken this quiz since the last reset